Marketing služeb - efektivně a moderně

Gespeichert in:
Bibliographische Detailangaben
1. Verfasser: Vaštíková, Miroslava
Format: Buch
Sprache:Tschechisch
Veröffentlicht: Praha GRADA Publishing 2008
Schriftenreihe:Manažer
Schlagworte:
Tags: Tag hinzufügen
Keine Tags, Fügen Sie das erste Tag hinzu!

MARC

LEADER 00000nam$a2200000$$$4500
001 0090996
005 20240313090044.1
020 |a 978-80-247-2721-9 
041 0 |a cze 
044 |a CZ 
245 1 0 |a Marketing služeb - efektivně a moderně  |c Miroslava Vaštíková 
264 1 |a Praha  |b GRADA Publishing  |c 2008 
300 |a 232 s. 
490 1 |a Manažer 
830 0 |a Manažer 
610 2 0 |a služby 
610 2 0 |a kvalita 
610 2 0 |a marketing 
610 2 0 |a marketing služieb 
610 2 0 |a plánovanie strategické 
610 2 0 |a analýza swot 
610 2 0 |a výskum 
610 2 0 |a produkty 
610 2 0 |a ceny služieb 
610 2 0 |a distribúcia 
610 2 0 |a mix komunikačný 
610 2 0 |a zamestnanci 
610 2 0 |a organizácie neziskové 
100 1 |a Vaštíková, Miroslava